| 000 | 00375nam a2200169Ia 4500 | ||
|---|---|---|---|
| 001 | 553 | ||
| 003 | IN-NITTTR | ||
| 005 | 20251114232858.0 | ||
| 008 | 251113s9999||||xx |||||||||||||| ||eng|| | ||
| 040 | _beng | ||
| 040 | _cIN-NITTTR | ||
| 041 | _aeng | ||
| 082 | _a624.1834 B469S | ||
| 100 | _aBhatia, T. R. | ||
| 245 | 0 |
_aStructure and R.C.C. / _cBhatia, T. R. |
|
| 942 |
_2ddc _cBK |
||
| 999 |
_c91 _d91 |
||